| 000 | 00800nam a2200229Ia 4500 | ||
|---|---|---|---|
| 999 |
_c4330 _d4330 |
||
| 003 | OSt | ||
| 005 | 20200625150532.0 | ||
| 008 | 191128s1961 ag fr 000 0 spa d | ||
| 040 |
_aCO-JMCR _cCO-JMCR |
||
| 041 | 1 | _aspa | |
| 082 | 0 | 4 |
_a334.09 / _bF481c _223 |
| 100 | 1 |
_aFilho, Fábio Luz, _eautor _96197 |
|
| 245 | 1 | 3 |
_aEl cooperativismo y el estado / _cFábio Luz Filho ; traductor, Alberto Giordano |
| 260 |
_aBuenos Aires : _bIntercoop, _c1961 |
||
| 300 |
_a91 páginas ; _c18 cm. |
||
| 490 | 0 | _aColección Alfonso Palacio Rudas | |
| 505 | 0 | _aLa legislación -- El derecho cooperativo -- La acción pionera en Latino-América, Asia, etc -- | |
| 546 | _aTraducido del portugués | ||
| 650 | 1 | 4 |
_aCooperativas y estado _96198 |
| 700 | 1 |
_aGiorgano, Alberto, _etraductor _96199 |
|
| 942 |
_2ddc _cBK |
||